000 01161 a2200253 4500
001 45558
005 20260407155728.0
008 260407a2002 arg spa d
003 AR-UNSa-BCEJYS
040 _aAR-UNSa-BCEJYS
_bspa
_cAR-UNSa-BCEJYS
080 _a330.14
_xCapital
245 1 0 _aEl misterio del capital
_pPor que el capitalismo triunfa en Occidente y fracasa en el resto del mundo
020 _a950-07-2238-0
264 1 _aBuenos Aires :
_bSudamericana
_c2002
300 _a254 p.
_c23 cm.
505 _a1. Los cinco misterios del capital - 2. El misterio de la información ausente - 3. El misterio del capital - 4. El misterio de la conciencia política - 5. Las lecciones no aprendidas de la historia de los Estados Unidos - 6. El misterio del fracaso legal: Por qué las leyes de propiedad no funcionan fuera de occidente - 7. A manera de conclusión -
041 _aspa
942 _cBK
590 _aniveau_biblio:m niveau_hierar:0
100 1 _aLauer, Mirko
700 1 _aSoto, Hernando de
700 1 _aMc Lauchlan, Jessica
856 4 1 _uhttps://www.biblioeco.unsa.edu.ar/pmb/images/libros/L127141.jpg
_yImagen de portada
_qimage/jpeg
999 _c3969
_d3969